000 00237nam a2200097Ia 4500
008 230915s9999 xx 000 0 und d
050 _aHD 38.5.B46 2007
100 _aBenton W.C
245 0 _aPurchasing and supply management
942 _cBK
999 _c76669
_d76669